Bronte Novels - Statistics

General Stats
  • This quiz has been taken 446 times
  • The average score is 4 of 7
Answer Stats
Hint Answer % Correct
Wuthering Heights
97%
Jane Eyre
95%
Villette
52%
Agnes Grey
49%
The Professor
48%
The Tenant of Wildfell Hall
47%
Shirley
42%
No matching quizzes found
Score Distribution
Percent of People with Each Score
Percentile by Number Answered
Your Score History
You have not taken this quiz